000 00848nam a22002897a 4500
001 7145
003 FISKH
005 20250630091138.0
008 250630b cb ||||| |||| 00| 0 eng d
020 _a9780439745581
040 _aFISKH
_beng
_cFISKH
_dFISKH
050 _aPZ7.F2466 W
082 _a231
100 _aFarshtey, Greg
_d(1965-)
245 _aBionicle :
_bWeb of shadows /
_cBy Greg Farshtey
250 _aThis edition first published in 2005
260 _aNew York :
_bScholastic,
_c2005
300 _a139 pages :
_c20 cm
505 _aR
520 _aThe heroes of Metru Nui race against time to save their legendary city from the monstrous Visorak.
521 8 _a740
_bLexile
521 8 _aR
_bRaz-Plus
650 _2Adventure
_aLego
650 _2Science fiction
_aMovies
942 _2ddc
_cBK
_n0
999 _c7145
_d7145